| 000 | 00781 a2200229 4500 | ||
|---|---|---|---|
| 010 | _aENG-88589 | ||
| 020 |
_c495.00 _a8120333840 |
||
| 035 | _aEN-72122 | ||
| 037 | _bDBAD / PUB | ||
| 082 | 1 | 4 | _a915.4 |
| 090 |
_c8964 _d8964 |
||
| 245 | 1 |
_aExplorations in applied geography/ _cedited by Ashok K. Dutt, H. N. Misra [and] Meera Chatterjee |
|
| 260 |
_aNew Delhi _bPrentice-Hall of India _c2008 |
||
| 270 |
_aM-97, Connaught Circus, _bNew Delhi _e110 001 |
||
| 300 |
_axvi, 524p. _c25cm (Hb) |
||
| 490 | _aProfessor L.R. Singh felicitation volume | ||
| 700 | 1 | _aDutt, Ashok K. | |
| 700 | 1 | _aMisra, H. N. | |
| 700 | 1 | _aChatterjee, Meera | |
| 942 |
_adpl _cEN _k915.4 / EXP |
||
| 999 |
_c8802 _d8802 |
||